Free Fire Battlegrounds - Statistics

General Stats
  • This quiz has been taken 86 times
  • The average score is 6 of 13
Answer Stats
Hint Answer % Correct
Maximum number of players in a single squad Four
71%
Highest location on the map Peak
68%
Lowest rank Bronze
66%
Color of the light from air drop Yellow
60%
Name either of the melee weapons Pan or Parang
54%
Nurse character's name Olivia
47%
Name of shotgun ammo SG
46%
Highest rank Heroic
43%
Name of sniper ammo AWM
38%
Name of the Bermuda map's strip Bimasakti Strip
28%
Red area meaning Air Strike
26%
Item that reduces bullet spread Foregrip
21%
Edible Items Mushrooms
15%
No matching quizzes found
Score Distribution
Percent of People with Each Score
Percentile by Number Answered
Your Score History
You have not taken this quiz